| 000 | 00963nam a22002417a 4500 | ||
|---|---|---|---|
| 001 | 80564 | ||
| 003 | BD-RjUL | ||
| 005 | 20230406102652.0 | ||
| 008 | 221018s2010 bg a|||| m||| 00| 0 eng d | ||
| 035 | _a(BD-RjUL)80564 | ||
| 040 |
_aBD-RjUL _beng _cBD-RjUL _dBD-RjUL |
||
| 041 | _aeng | ||
| 082 |
_223 _a338.927 _bSAA 2010 |
||
| 100 |
_aSarker, Md. Abdul Latif _95325 |
||
| 245 | 1 | 0 |
_aAnalysis of resource base and exogenous factors relevant to sustainable development in A dry land-beel ecosystem in Puthia, Rajshahi / _cBy Md. Abdul Latif Sarker ; _6Supervisor : M. Iqbal Zuberi |
| 260 |
_aRajshahi : _bDepartment of Botany, University of Rajshahi, _c2010 |
||
| 300 |
_axii,99 leaves : _bill, ; _c29.cm. |
||
| 502 | _aThesis (M. Phil.) -- Department of Botany, University of Rajshahi, 2010 | ||
| 504 | _aReferences : Leaves 97 - 99 | ||
| 650 |
_aSustainable development _vProduction _95326 |
||
| 700 |
_aZuberi, M. Iqbal, Supervisor _95327 |
||
| 942 |
_2ddc _cTHE |
||
| 999 |
_c80564 _d80564 |
||